| 000 | 00414nam a22001697a 4500 | ||
|---|---|---|---|
| 005 | 20180625100620.0 | ||
| 008 | 160429b xxu||||| |||| 00| 0 eng d | ||
| 020 | _a81-87344-58-X | ||
| 041 | _aeng | ||
| 082 |
_b00947 _a346.07 |
||
| 100 |
_aSain T.T Khanna O.P. _9281 |
||
| 245 | _aManagerial Economics | ||
| 260 |
_aNew Delhi _bV.K. Publication _c2010 |
||
| 300 | _a589 | ||
| 650 |
_aManagement _9241 |
||
| 942 | _cBK | ||
| 999 |
_c322 _d322 |
||